[Event "Verdal CC-ch"]
[Site "Verdal"]
[Date "2009.??.??"]
[Round "2"]
[White "Lund, Terje"]
[Black "Bjorgvik, Josef"]
[Result "1-0"]
[WhiteElo "2001"]
[BlackElo "1094"]
[PlyCount "57"]
[EventDate "2009.09.07"]
[EventType "swiss"]
[EventRounds "9"]
[EventCountry "NOR"]
[SourceTitle "EXT 2024"]
[Source "ChessBase"]
[SourceDate "2023.10.10"]
[SourceVersion "1"]
[SourceVersionDate "2023.10.10"]
[SourceQuality "1"]

1. Nf3 Nc6 2. d4 d5 3. Bf4 e6 4. e3 Bd6 5. Ne5 Nxe5 6. dxe5 Be7 7. Bd3 g6 8. Nd2 Bg5 9. Bg3 Bh6 10. h4 Bg7 11. h5 Ne7 12. h6 Bf8 13. Bh4 Qd7 14. Bf6 Rg8 15. g4 b6 16. Nf3 Bb7 17. Ng5 0-0-0 18. Nxh7 c5 19. Ng5 Bxh6 20. Rxh6 c4 21. Nxf7 Rdf8 22. Nd6+ Kc7 23. Rh7 Rxf6 24. exf6 Kxd6 25. Rxe7 Qc6 26. Bf1 c3 27. b4 b5 28. Qd4 a6 29. Qf4+ 1-0